Tratado de criminología (Registro nro. 7708)

Detalles MARC
000 -Cabecera
Campo de control de longitud fija 02594aam a2200841 4500
005 - Fecha y hora de la última transacción
Campo de control 20260217160213.0
008 - Elementos de longitud fija--Información general
Campo de control de longitud fija 150519b2014 xxu||||| |||| 00| 0 spa d
020 ## - International Standard Book Number
Número Internacional Estándar del Libro (ISBN) 9788490537787
041 ## - Idioma
Código de idioma Español
082 ## - Clasificación Decimal Dewey
Número de clasificación 364 G216t5
100 ## - Entrada principal--Autor personal
Nombre personal García-Pablos de Molina, Antonio
9 (RLIN) 5346
245 ## - Título propiamente dicho
Título Tratado de criminología
250 ## - Edición
Mención de edición 5 edición
260 ## - Pie de imprenta
Lugar de publicación, distribución, etc. España
260 ## - Pie de imprenta
Nombre del editor, distribuidor, etc. Tirant lo blanch
260 ## - Pie de imprenta
Fecha de publicación, distribución, etc. 2014
300 ## - Descripción física
Extensión 1188 páginas
490 ## - Serie
Título de la Serie Investigación Criminal
650 ## - Materia general
Temática (materia general) CRIMINOLOGÍA
650 ## - Materia general
Temática (materia general) TEORÍAS SOCIOLÓGICAS
650 ## - Materia general
Temática (materia general) TEORIAS PSICOANÁLITICAS
650 ## - Materia general
Temática (materia general) DELITOS
650 ## - Materia general
Temática (materia general) PREVENCIÓN DEL DELITO
650 ## - Materia general
Temática (materia general) INVESTIGACIÓN CRIMINOLÓGICA
650 ## - Materia general
Temática (materia general) ANTROPOLOGÍA CRIMINAL
650 ## - Materia general
Temática (materia general) CONTROL SOCIAL
650 ## - Materia general
Temática (materia general) DELINCUENTE
650 ## - Materia general
Temática (materia general) VÍCTIMA
650 ## - Materia general
Temática (materia general) COMPORTAMIENTO DESVIADO
650 ## - Materia general
Temática (materia general) VICTOMOLOGÍA
650 ## - Materia general
Temática (materia general) REACCIÓN SOCIAL
650 ## - Materia general
Temática (materia general) TIPOS DE DELITO
650 ## - Materia general
Temática (materia general) POLÍTICA CRIMINAL
650 ## - Materia general
Temática (materia general) RELACIONES DE CRIMINOLOGÍA
650 ## - Materia general
Temática (materia general) FUNCIONES DE LA CRIMINOLOGÍA
650 ## - Materia general
Temática (materia general) TÉCNICAS DE LA INVESTIGACIÓN CRIMINOLOGICA
650 ## - Materia general
Temática (materia general) METODO CRIMINOLOGICO
650 ## - Materia general
Temática (materia general) HISTORIA DE LA CRIMINOLOGÍA
650 ## - Materia general
Temática (materia general) PENSAMIENTO CRIMINOLÓGICO
650 ## - Materia general
Temática (materia general) ESCUELA CARTOGRÁFICA
650 ## - Materia general
Temática (materia general) CONSOLIDACIÓN DE LA CRIMINOLOGÍA
650 ## - Materia general
Temática (materia general) DISCIPLINA EMPIRICA
650 ## - Materia general
Temática (materia general) POSITIVISMO CRIMINOLÓGICO
650 ## - Materia general
Temática (materia general) ESCUELAS ECLECTICAS
650 ## - Materia general
Temática (materia general) LUCHA DE ESCUELAS
650 ## - Materia general
Temática (materia general) ORIENTACIONES BIOLÓGICAS
650 ## - Materia general
Temática (materia general) ANTROPOLOGÍA CRIMINAL
650 ## - Materia general
Temática (materia general) BIOTIPOLOGIA CRIMINAL
650 ## - Materia general
Temática (materia general) ENDOCRINOLOGIA CRIMINAL
650 ## - Materia general
Temática (materia general) GENETICA CRIMINAL
650 ## - Materia general
Temática (materia general) NEUROFISIOLOGIA CRIMINAL
650 ## - Materia general
Temática (materia general) SISTEMA NERVIOSO AUTONOMO
650 ## - Materia general
Temática (materia general) PSICOPALOTOLOGIAS DEL HECHO CRIMINAL
650 ## - Materia general
Temática (materia general) EXPLICACIONES PSICOANALITICAS DEL CRIMEN
650 ## - Materia general
Temática (materia general) TEORIAS CONDUCTISTAS
650 ## - Materia general
Temática (materia general) TEORIA DEL APRENDIZAJE
650 ## - Materia general
Temática (materia general) TEORIA COGNITIVA
650 ## - Materia general
Temática (materia general) RASGOS DE LA PERSONALIDAD
650 ## - Materia general
Temática (materia general) SOCIOLOGIA DEL HECHO CRIMINAL
650 ## - Materia general
Temática (materia general) SOCIOLOGIA DEL DELITO
650 ## - Materia general
Temática (materia general) TEORIAS DE LA ANOMIA
650 ## - Materia general
Temática (materia general) TEORIAS SISTEMICAS
650 ## - Materia general
Temática (materia general) TEORIAS SUBCULTURALES
650 ## - Materia general
Temática (materia general) TEORIAS DEL PROCESO SOCIAL
650 ## - Materia general
Temática (materia general) TEORIAS DEL APRENDIZAJE
650 ## - Materia general
Temática (materia general) TEORIAS DEL CONTROL SOCIAL
650 ## - Materia general
Temática (materia general) ENFOQUE INTERACCIONISTA
650 ## - Materia general
Temática (materia general) MODELOS CONFLICTUALES
650 ## - Materia general
Temática (materia general) PREVENCIÓN DEL CRIMEN
650 ## - Materia general
Temática (materia general) SISTEMAS DE REACCIÓN AL DELITO
650 ## - Materia general
Temática (materia general) CRIMINOLOGIA ACTUAL
942 ## - Punto de acceso adicional KOHA
Tipo de ítem KOHA Libro
Fuente del sistema de clasificación o colocación Dewey Decimal Classification
Existencias
Signatura completa Código de barras Programa Académico Tipo de ítem
364 G216t5 20470 Investigación Criminal Libro
364 G216t5 22768 Investigación Criminal Libro